[Event "Lugano Paradiso op"]
[Site "Lugano"]
[Date "2021.09.03"]
[Round "1"]
[White "Medici, Simone"]
[Black "Schneider, Antonio"]
[Result "1-0"]
[WhiteElo "2209"]
[BlackElo "1719"]
[PlyCount "55"]
[EventDate "2021.09.03"]
[EventType "swiss"]
[EventRounds "5"]
[EventCountry "SUI"]
[SourceTitle "EXT 2022"]
[Source "ChessBase"]
[SourceDate "2021.10.06"]
[SourceVersion "1"]
[SourceVersionDate "2021.10.06"]
[SourceQuality "1"]

1. e4 Nf6 2. e5 Nd5 3. c4 Nb6 4. d4 d6 5. f4 dxe5 6. fxe5 Nc6 7. Be3 Bf5 8. a3 a5 9. b3 e6 10. Nf3 Be7 11. Bd3 Bxd3 12. Qxd3 0-0 13. 0-0 f6 14. exf6 Bxf6 15. Qe4 Qe7 16. Nbd2 Rae8 17. h4 Nc8 18. c5 Nd8 19. Rae1 b5 20. Ng5 g6 21. Ndf3 Qg7 22. Bf2 h6 23. Nh3 c6 24. Nf4 Kf7 25. h5 g5 26. Ng6 Rg8 27. Nfe5+ Bxe5 28. Bg3+ 1-0

[Event "Roveredo op"]
[Site "Roveredo"]
[Date "2020.03.06"]
[Round "1"]
[White "Schneider, Antonio"]
[Black "Reinhardt, Bernd"]
[Result "0-1"]
[WhiteElo "1791"]
[BlackElo "2198"]
[PlyCount "66"]
[EventDate "2020.03.06"]
[EventType "swiss"]
[EventRounds "5"]
[EventCountry "SUI"]
[SourceTitle "CBM 195 Extra"]
[Source "ChessBase"]
[SourceDate "2020.05.31"]
[SourceVersion "1"]
[SourceVersionDate "2020.05.31"]
[SourceQuality "1"]

1. e4 d6 2. d4 Nf6 3. Nc3 Nbd7 4. f4 e5 5. Nf3 exd4 6. Nxd4 Nc5 7. Bd3 c6 8. 0-0 Qb6 9. Kh1 Bg4 10. Nf3 Be7 11. h3 h5 12. Qe1 Bxf3 13. gxf3 Nxd3 14. cxd3 h4 15. e5 dxe5 16. fxe5 Nd5 17. Qe4 Rd8 18. Rg1 g6 19. e6 f5 20. Qe1 Rg8 21. Bg5 Qd4 22. Rd1 Bxg5 23. Rxg5 Qf4 24. Qg1 Qxf3+ 25. Kh2 Nf4 26. Qf1 Qxf1 27. Rxf1 Nxe6 28. Rg2 Kf7 29. Rf3 Rd7 30. Ne4 Rgd8 31. Rd2 Kg7 32. Nf2 Nd4 33. Re3 f4 0-1

[Event "Arolo di Leggiuno op 4th"]
[Site "Arolo di Leggiuno"]
[Date "2015.05.09"]
[Round "3"]
[White "Bolognese, Leonardo"]
[Black "Schneider, Antonio"]
[Result "0-1"]
[WhiteElo "1569"]
[BlackElo "1837"]
[PlyCount "52"]
[EventDate "2015.05.08"]
[EventType "swiss"]
[EventRounds "5"]
[EventCountry "ITA"]
[SourceTitle "CBM 166 Extra"]
[Source "ChessBase"]
[SourceDate "2015.06.18"]
[SourceVersion "1"]
[SourceVersionDate "2015.06.18"]
[SourceQuality "1"]

1. d4 g6 2. e4 Bg7 3. c4 c5 4. d5 d6 5. Nc3 Nh6 6. Be2 0-0 7. h3 f5 8. Bxh6 Bxh6 9. exf5 Bxf5 10. Bg4 Bg7 11. Qe2 h5 12. Bxf5 Rxf5 13. Qe6+ Kh7 14. Nf3 Nd7 15. 0-0 Ne5 16. Ne4 Nxf3+ 17. gxf3 Qf8 18. h4 Bf6 19. Nxf6+ Rxf6 20. Qd7 Rxf3 21. Rae1 Re8 22. Re2 Kh6 23. Rfe1 e5 24. Rf1 Re7 25. Qa4 Qf4 26. Qc2 Qg4+ 0-1

[Event "Ascona op 10th"]
[Site "Ascona"]
[Date "2015.04.14"]
[Round "1"]
[White "Paleologu, Vladimir"]
[Black "Schneider, Antonio"]
[Result "1-0"]
[WhiteElo "2148"]
[BlackElo "1857"]
[PlyCount "173"]
[EventDate "2015.04.14"]
[EventType "swiss"]
[EventRounds "5"]
[EventCountry "SUI"]
[SourceTitle "CBM 166 Extra"]
[Source "ChessBase"]
[SourceDate "2015.06.18"]
[SourceVersion "1"]
[SourceVersionDate "2015.06.18"]
[SourceQuality "1"]

1. e4 c5 2. Nf3 Nc6 3. d4 cxd4 4. Nxd4 Nf6 5. Nc3 g6 6. Bc4 Bg7 7. Nxc6 bxc6 8. e5 Ng8 9. Qf3 e6 10. Bf4 Qa5 11. Qe3 Ne7 12. 0-0 0-0 13. Rfe1 f5 14. exf6 Bxf6 15. Qd2 Nf5 16. Ne4 Bd8 17. Bb3 d5 18. Nc3 Qc5 19. Be5 Qe7 20. Rad1 Qf7 21. Na4 Be7 22. Qc3 Bd7 23. Nc5 Bc8 24. Re2 Bxc5 25. Qxc5 Ba6 26. Red2 Qb7 27. Re1 Rae8 28. Rdd1 Rf7 29. Bf4 Ng7 30. Be5 Nf5 31. h3 Qb6 32. Qxb6 axb6 33. c3 Bc8 34. f4 c5 35. g4 Ng7 36. Rd2 Ree7 37. Kh2 Ra7 38. a3 Ne8 39. Kg3 Nf6 40. Bc2 Nd7 41. Bd6 Nf8 42. h4 Kg7 43. Be5+ Kg8 44. Rh2 Nd7 45. Bd6 Nf6 46. h5 gxh5 47. g5 Ne4+ 48. Bxe4 dxe4 49. Rxe4 Rad7 50. Be5 Rd3+ 51. Kf2 Bb7 52. Re3 Rd1 53. Rxh5 Rfd7 54. Rhh3 Rb1 55. c4 Rdd1 56. Rd3 Rf1+ 57. Kg3 Be4 58. Rd8+ Kf7 59. Rd7+ Ke8 60. Rd2 Rf3+ 61. Kh4 Rxh3+ 62. Kxh3 Rh1+ 63. Kg3 Re1 64. Rd6 Kf7 65. Bc3 Re2 66. Rxb6 Bd3 67. Rb5 Bxc4 68. Rxc5 Bd3 69. Rc7+ Kg6 70. Be5 Rd2 71. Kf3 Rd1 72. Rg7+ Kh5 73. Kg2 Rd2+ 74. Kf3 Rd1 75. Bc3 Rf1+ 76. Ke3 Bf5 77. Be5 Kg4 78. a4 Re1+ 79. Kd2 Re4 80. a5 Ra4 81. Ra7 Kf3 82. Kc3 Ke4 83. Kb3 Ra1 84. Kb4 Kd5 85. Rc7 Bd3 86. Rd7+ Ke4 87. Rxh7 1-0

[Event "Lugano New op-B 8th"]
[Site "Lugano"]
[Date "2015.04.03"]
[Round "1"]
[White "Schneider, Antonio"]
[Black "Del Val, Josefa"]
[Result "1-0"]
[WhiteElo "1857"]
[BlackElo "1503"]
[PlyCount "51"]
[EventDate "2015.04.03"]
[EventType "swiss"]
[EventRounds "6"]
[EventCountry "SUI"]
[SourceTitle "CBM 165 Extra"]
[Source "ChessBase"]
[SourceDate "2015.04.21"]
[SourceVersion "1"]
[SourceVersionDate "2015.04.21"]
[SourceQuality "1"]

1. e4 d6 2. d4 Nf6 3. Bc4 c6 4. Nc3 g6 5. Bg5 Bg7 6. Qd2 0-0 7. Bb3 a6 8. a4 a5 9. Nge2 Na6 10. Ng3 Nb4 11. Nd1 e5 12. c3 Na6 13. 0-0 Qc7 14. f4 Qb6 15. fxe5 dxe5 16. Ba2 Nd7 17. Be7 exd4 18. Kh1 dxc3 19. bxc3 Qc7 20. Bxf8 Nxf8 21. Rxf7 Qe5 22. Rf5+ Qe6 23. Rxa5 Qxa2 24. Rxa2 Be6 25. Rb2 Bf6 26. Rxb7 1-0

[Event "Lugano op"]
[Site "Lugano"]
[Date "2014.11.09"]
[Round "4"]
[White "Schneider, Antonio"]
[Black "Altea, Alessandro"]
[Result "0-1"]
[WhiteElo "1872"]
[BlackElo "2087"]
[PlyCount "80"]
[EventDate "2014.11.07"]
[EventType "swiss"]
[EventRounds "5"]
[EventCountry "SUI"]
[SourceTitle "EXT 2015"]
[Source "ChessBase"]
[SourceDate "2014.11.20"]
[SourceVersion "1"]
[SourceVersionDate "2014.11.20"]
[SourceQuality "1"]

1. e4 c5 2. Nf3 e6 3. Nc3 a6 4. a4 Qc7 5. d3 Nc6 6. g3 g6 7. Bf4 d6 8. Bg2 Bg7 9. 0-0 Nge7 10. Qc1 0-0 11. Bh6 Nd4 12. Nxd4 cxd4 13. Bxg7 Kxg7 14. Ne2 e5 15. Qd2 Bd7 16. c4 dxc3 17. Nxc3 Qb6 18. Ne2 Rac8 19. Rfb1 Rc7 20. Bf1 d5 21. Kg2 d4 22. b4 Rfc8 23. Rb2 Qe6 24. f3 Rc3 25. Qd1 R3c7 26. Nc1 Qc6 27. Ne2 Be6 28. h4 Qd6 29. Kh2 Nc6 30. Qd2 b6 31. g4 a5 32. bxa5 bxa5 33. Kg3 Nb4 34. Nc1 Rc2 35. Rxc2 Rxc2 36. Qd1 Qc6 37. f4 exf4+ 38. Kxf4 Qc7+ 39. e5 Nd5+ 40. Ke4 Nc3+ 0-1

[Event "Ascona op 9th"]
[Site "Ascona"]
[Date "2014.04.06"]
[Round "5"]
[White "Brioschi, Camillo"]
[Black "Schneider, Antonio"]
[Result "0-1"]
[WhiteElo "1773"]
[BlackElo "1843"]
[PlyCount "184"]
[EventDate "2014.04.04"]
[EventType "swiss"]
[EventRounds "5"]
[EventCountry "SUI"]
[SourceTitle "CBM 160 Extra"]
[Source "ChessBase"]
[SourceDate "2014.07.01"]
[SourceVersion "1"]
[SourceVersionDate "2014.07.01"]
[SourceQuality "1"]

1. d4 g6 2. c4 Bg7 3. Nc3 d6 4. e4 Nd7 5. f4 Nh6 6. Be2 f5 7. e5 e6 8. Nf3 Nf7 9. 0-0 h6 10. Be3 dxe5 11. fxe5 g5 12. Bf2 c6 13. c5 Nf8 14. Qb3 Ng6 15. Bc4 Qe7 16. g3 g4 17. Nh4 Nf8 18. Ne2 Ng5 19. Nf4 Qf7 20. Be3 Qd7 21. d5 exd5 22. Nxd5 Qd8 23. Nf4 Bxe5 24. Rad1 Qf6 25. Nh5 Nh3+ 26. Kg2 Qe7 27. Nxf5 Bxf5 28. Rxf5 Rh7 29. Bxh6 Nd7 30. Qe3 Bxb2 31. Re1 Qxe3 32. Rxe3+ Kd8 33. Bf4 Bc1 34. Rd3 Nxf4+ 35. Nxf4 Bxf4 36. Rf8+ Kc7 37. Rxa8 Be5 38. Re8 Bb2 39. Rd2 Bc3 40. Rde2 Bf6 41. Be6 Rg7 42. Re4 Nxc5 43. Rf4 Bb2 44. Rc8+ Kd6 45. Bxg4 b5 46. Rd8+ Kc7 47. Rc8+ Kb6 48. Bf3 Rg6 49. Rf7 Na6 50. h4 Rh6 51. h5 Nb4 52. Ra8 a5 53. Rb8+ Kc5 54. Rf5+ Kc4 55. Be2+ Kc3 56. Rf3+ Kd2 57. Kf1 Nxa2 58. Rd8+ Kc1 59. Rb3 Nc3 60. g4 Rf6+ 61. Ke1 Re6 62. Rd2 Nxe2 63. Rxe2 Rxe2+ 64. Kxe2 a4 65. Rd3 a3 66. Rd1+ Kc2 67. g5 Bc1 68. g6 a2 69. Rxc1+ Kxc1 70. g7 a1Q 71. g8Q Qe5+ 72. Kd3 Qxh5 73. Kc3 Qc5+ 74. Kb3 Kd2 75. Qg2+ Kd3 76. Qf1+ Ke4 77. Qg2+ Ke5 78. Qg5+ Kd6 79. Qd8+ Ke6 80. Qg8+ Kd7 81. Qg4+ Kc7 82. Qf4+ Kb7 83. Qf7+ Kb6 84. Qe8 Qd5+ 85. Kb2 Qf3 86. Qb8+ Kc5 87. Qa7+ Kc4 88. Qa5 Qg2+ 89. Kb1 Qf1+ 90. Kc2 Qe2+ 91. Kc1 Qe3+ 92. Kb1 Qd3+ 0-1

[Event "Stein am Rhein op 2nd"]
[Site "Stein am Rhein"]
[Date "2014.03.01"]
[Round "3"]
[White "Fischer, Daniel"]
[Black "Schneider, Antonio"]
[Result "1/2-1/2"]
[WhiteElo "1685"]
[BlackElo "1847"]
[PlyCount "102"]
[EventDate "2014.02.28"]
[EventType "swiss"]
[EventRounds "5"]
[EventCountry "SUI"]
[SourceTitle "CBM 159 Extra"]
[Source "ChessBase"]
[SourceDate "2014.04.24"]
[SourceVersion "1"]
[SourceVersionDate "2014.04.24"]
[SourceQuality "1"]

1. e4 g6 2. d4 Bg7 3. Nf3 Nf6 4. Nc3 d6 5. Be2 0-0 6. 0-0 Nbd7 7. Be3 Ng4 8. Bg5 h6 9. Bd2 c5 10. d5 a6 11. a4 Rb8 12. Qc1 Kh7 13. Ng5+ hxg5 14. Bxg4 f5 15. exf5 gxf5 16. Be2 g4 17. Re1 Ne5 18. Qd1 Qe8 19. f3 Qh5 20. Rf1 Bd7 21. fxg4 fxg4 22. Bf4 Ng6 23. Bg3 Bd4+ 24. Kh1 Kg7 25. Qd2 Nh4 26. Bf4 Nxg2 27. Kxg2 Rxf4 28. Rxf4 Qh3+ 29. Kh1 Be3 30. Rxg4+ Bxg4 31. Bxg4 Qh6 32. Qg2 Rh8 33. Be6+ Kf8 34. Rf1+ Ke8 35. h3 Kd8 36. Qg4 Kc7 37. a5 Bd4 38. Qe2 Qg5 39. Qg2 Qe3 40. Nd1 Qc1 41. c3 Bf6 42. Rxf6 Qxd1+ 43. Rf1 Qh5 44. Qg7 Qh4 45. Qg4 Qh6 46. Qa4 Rd8 47. Qb3 Kb8 48. Qb6 Rh8 49. b4 Qe3 50. bxc5 Rxh3+ 51. Bxh3 Qxh3+ 1/2-1/2

[Event "Davos op 11th"]
[Site "Davos"]
[Date "2013.08.06"]
[Round "1"]
[White "Medici, Simone"]
[Black "Schneider, Antonio"]
[Result "1-0"]
[WhiteElo "2117"]
[BlackElo "1850"]
[PlyCount "77"]
[EventDate "2013.08.06"]
[EventType "swiss"]
[EventRounds "5"]
[EventCountry "SUI"]
[SourceTitle "CBM 155 Extra"]
[Source "ChessBase"]
[SourceDate "2013.08.26"]
[SourceVersion "1"]
[SourceVersionDate "2013.08.26"]
[SourceQuality "1"]

1. d4 Nf6 2. c4 c5 3. e3 e6 4. Nf3 Nc6 5. d5 exd5 6. cxd5 Ne7 7. Nc3 d6 8. e4 Ng6 9. h3 a6 10. a4 Be7 11. Bd3 0-0 12. 0-0 Re8 13. Re1 Nd7 14. Bc2 Bf6 15. a5 b5 16. axb6 Nxb6 17. Bd3 h6 18. Be3 a5 19. Ra2 Bd7 20. Qc2 Ne5 21. Nxe5 Bxe5 22. f4 Qh4 23. Rf1 Qg3 24. Rf3 Qe1+ 25. Kh2 Bxc3 26. bxc3 Qh4 27. Bf2 Qd8 28. c4 Qc7 29. Rg3 Rf8 30. Be1 a4 31. Bc3 f6 32. Qb2 Qd8 33. e5 fxe5 34. fxe5 Bf5 35. e6 g5 36. e7 Qxe7 37. Bxf5 Rxf5 38. Qxb6 Rf4 39. Qc6 1-0

[Event "Lugano New op 7th"]
[Site "Lugano"]
[Date "2013.03.31"]
[Round "4"]
[White "Brioschi, Camillo"]
[Black "Schneider, Antonio"]
[Result "0-1"]
[WhiteElo "1831"]
[BlackElo "1871"]
[PlyCount "85"]
[EventDate "2013.03.29"]
[EventType "swiss"]
[EventRounds "6"]
[EventCountry "SUI"]
[SourceTitle "CBM 153 Extra"]
[Source "ChessBase"]
[SourceDate "2013.04.22"]
[SourceVersion "1"]
[SourceVersionDate "2013.04.22"]
[SourceQuality "1"]

1. d4 g6 2. c4 Bg7 3. Nc3 d6 4. e4 Nd7 5. f4 c5 6. Nf3 cxd4 7. Nxd4 Nh6 8. Be3 Nc5 9. Be2 e5 10. fxe5 Bxe5 11. Nf3 Ng4 12. Bxc5 Bxc3+ 13. bxc3 dxc5 14. Qxd8+ Kxd8 15. h3 Nf6 16. Ng5 Ke7 17. e5 Nd7 18. Nf3 Re8 19. 0-0-0 Kf8 20. Rd5 b6 21. Rhd1 Nb8 22. Rd6 Na6 23. Ng5 h6 24. Bf3 Rb8 25. Nxf7 Kxf7 26. Rf6+ Kg7 27. Rdd6 Bf5 28. g4 Rxe5 29. gxf5 Rxf5 30. Rxg6+ Kf8 31. Bd5 Ke7 32. Rge6+ Kf8 33. Rxh6 Nc7 34. Rh8+ Ke7 35. Rhh6 Rbf8 36. Bc6 Rd8 37. Rdg6 Rf7 38. Rg5 Rdf8 39. Re5+ Kd8 40. Rd6+ Kc8 41. Re3 Rf6 42. Rxf6 Rxf6 43. h4 0-1

[Event "Lugano op 15th"]
[Site "Lugano"]
[Date "2012.11.04"]
[Round "6"]
[White "Klein, Gernot"]
[Black "Schneider, Antonio"]
[Result "1-0"]
[WhiteElo "1919"]
[BlackElo "1906"]
[PlyCount "65"]
[EventDate "2012.11.01"]
[EventType "swiss"]
[EventRounds "7"]
[EventCountry "SUI"]
[SourceTitle "EXT 2013"]
[Source "ChessBase"]
[SourceDate "2012.11.22"]
[SourceVersion "1"]
[SourceVersionDate "2012.11.22"]
[SourceQuality "1"]

1. e4 g6 2. d4 Bg7 3. Nc3 c5 4. Nf3 cxd4 5. Nxd4 d6 6. Be3 Nf6 7. f3 a6 8. Qd2 h5 9. 0-0-0 Qc7 10. Kb1 b5 11. Bg5 Nbd7 12. Qf2 Bb7 13. Bd3 Rc8 14. Rhe1 Ne5 15. Be3 Nc4 16. Bxc4 Qxc4 17. Nb3 Nd7 18. Bd4 Bxd4 19. Rxd4 Qc7 20. f4 f6 21. Qe2 Nc5 22. Nxc5 Qxc5 23. Rd2 e6 24. f5 gxf5 25. exf5 e5 26. Red1 Rd8 27. Nd5 Kf7 28. Rd3 Bc8 29. Rc3 Bxf5 30. Rxc5 dxc5 31. Qf3 Ke6 32. Nc7+ Kf7 33. Rf1 1-0

[Event "Lugano op 15th"]
[Site "Lugano"]
[Date "2012.11.04"]
[Round "7"]
[White "Schneider, Antonio"]
[Black "Cavaletto, Massimo"]
[Result "0-1"]
[WhiteElo "1906"]
[BlackElo "2103"]
[PlyCount "78"]
[EventDate "2012.11.01"]
[EventType "swiss"]
[EventRounds "7"]
[EventCountry "SUI"]
[SourceTitle "EXT 2013"]
[Source "ChessBase"]
[SourceDate "2012.11.22"]
[SourceVersion "1"]
[SourceVersionDate "2012.11.22"]
[SourceQuality "1"]

1. e4 c5 2. Bc4 Nc6 3. Nf3 g6 4. 0-0 Bg7 5. d3 d6 6. h3 Nf6 7. Nc3 0-0 8. a3 e6 9. Ba2 h6 10. Be3 e5 11. Nh2 Nh5 12. Nd5 Ne7 13. Ng4 Nxd5 14. Bxd5 Nf4 15. Bxf4 exf4 16. c3 Qg5 17. Qf3 h5 18. Nh2 Rb8 19. Kh1 b5 20. Qe2 Qf6 21. Rfc1 a5 22. Nf3 g5 23. Nh2 Qg6 24. f3 Bd7 25. Bb3 Rfe8 26. Qf2 Qf6 27. g4 fxg3 28. Qxg3 a4 29. Bd5 b4 30. Rg1 bxc3 31. bxc3 Kf8 32. d4 cxd4 33. cxd4 Rb2 34. Rad1 Qf4 35. Nf1 Rc8 36. Qxg5 Qxf3+ 37. Rg2 Rxg2 38. Qxg2 Qxd1 39. Qf2 Be8 0-1

[Event "Lesa op 1st"]
[Site "Lesa"]
[Date "2012.10.13"]
[Round "3"]
[White "Schneider, Antonio"]
[Black "Faraci, Libero"]
[Result "1-0"]
[WhiteElo "1906"]
[BlackElo "1685"]
[PlyCount "75"]
[EventDate "2012.10.12"]
[EventType "swiss"]
[EventRounds "5"]
[EventCountry "ITA"]
[SourceTitle "EXT 2015"]
[Source "ChessBase"]
[SourceDate "2014.11.20"]
[SourceVersion "1"]
[SourceVersionDate "2014.11.20"]
[SourceQuality "1"]

1. e4 c5 2. Nf3 e6 3. Nc3 a6 4. a4 Nc6 5. Bc4 Qc7 6. 0-0 Nf6 7. d3 Be7 8. Re1 d6 9. Bg5 Ne5 10. Ba2 Bd7 11. Nd2 h6 12. Bf4 Ng6 13. Bg3 e5 14. a5 Bg4 15. f3 Be6 16. Nc4 Nd7 17. Ne3 Nf6 18. Ncd5 Nxd5 19. Nxd5 Bxd5 20. Bxd5 0-0 21. c3 Rab8 22. Bc4 b5 23. axb6 Rxb6 24. b3 Rfb8 25. Rxa6 Rxa6 26. Bxa6 Qa5 27. Bc4 Qxc3 28. Qa1 Qxa1 29. Rxa1 Re8 30. Ra7 Kf8 31. Be1 Nf4 32. Ba5 Rd8 33. Bb5 Rb8 34. Bc4 Ne6 35. Kf2 Bd8 36. Bc3 Bb6 37. Rd7 Rd8 38. Rb7 1-0

[Event "Lugano New op 6th"]
[Site "Lugano"]
[Date "2012.04.08"]
[Round "4"]
[White "Schneider, Antonio"]
[Black "Brioschi, Camillo"]
[Result "1-0"]
[WhiteElo "1962"]
[BlackElo "1839"]
[PlyCount "90"]
[EventDate "2012.04.06"]
[EventType "swiss"]
[EventRounds "6"]
[EventCountry "SUI"]
[SourceTitle "CBM 148 Extra"]
[Source "ChessBase"]
[SourceDate "2012.06.22"]
[SourceVersion "1"]
[SourceVersionDate "2012.06.22"]
[SourceQuality "1"]

1. e4 e5 2. f4 exf4 3. Bc4 Nf6 4. Nc3 c6 5. Bb3 d5 6. e5 Bg4 7. Nf3 Ne4 8. 0-0 Nxc3 9. bxc3 Be7 10. d4 g5 11. c4 Be6 12. cxd5 cxd5 13. Qd3 Nc6 14. Bd2 Qd7 15. a4 g4 16. Ne1 Bf5 17. Qb5 Nxd4 18. Qxd7+ Kxd7 19. Bxd5 Bc5 20. Kh1 Ne6 21. Bxf4 Bg6 22. Bxb7 Rab8 23. Bd5 Rb4 24. Bg3 Rhb8 25. Bb3 Nd4 26. e6+ fxe6 27. Bxb8 Rxb8 28. Rd1 Ke7 29. Nd3 Bd6 30. Nf4 Nxb3 31. Nxg6+ hxg6 32. cxb3 Rxb3 33. Rd4 g3 34. Rg4 gxh2 35. Rxg6 Be5 36. Rh6 Bd4 37. Re1 Rb6 38. Rh7+ Kd6 39. Rxa7 Bg1 40. a5 Rb2 41. Ra6+ Kc7 42. Raxe6 Ra2 43. a6 Kb8 44. Rf1 Kc8 45. Rf7 Kd8 1-0

[Event "Lugano New op 6th"]
[Site "Lugano"]
[Date "2012.04.06"]
[Round "1"]
[White "Hajnal, Zoltan"]
[Black "Schneider, Antonio"]
[Result "1-0"]
[WhiteElo "2405"]
[BlackElo "1962"]
[PlyCount "55"]
[EventDate "2012.04.06"]
[EventType "swiss"]
[EventRounds "6"]
[EventCountry "SUI"]
[SourceTitle "CBM 148 Extra"]
[Source "ChessBase"]
[SourceDate "2012.06.22"]
[SourceVersion "1"]
[SourceVersionDate "2012.06.22"]
[SourceQuality "1"]

1. e4 c5 2. Nf3 d6 3. d4 cxd4 4. Nxd4 Nf6 5. Nc3 e6 6. Be3 Be7 7. f3 a6 8. Qd2 Bd7 9. g4 Nc6 10. g5 Nxd4 11. Bxd4 Nh5 12. Rg1 b5 13. 0-0-0 0-0 14. Kb1 b4 15. Ne2 a5 16. Be3 e5 17. f4 Bc6 18. Bg2 Qe8 19. f5 f6 20. g6 hxg6 21. fxg6 f5 22. exf5 Rxf5 23. Bd5+ Bxd5 24. Qxd5+ Kh8 25. Ng3 Nf4 26. Qf3 Rg5 27. Bxf4 exf4 28. Nf5 1-0

[Event "Erba op 6th"]
[Site "Erba"]
[Date "2012.03.10"]
[Round "1"]
[White "Schneider, Antonio"]
[Black "Rambaldi, Francesco"]
[Result "0-1"]
[WhiteElo "1962"]
[BlackElo "2222"]
[PlyCount "62"]
[EventDate "2012.03.09"]
[EventType "swiss"]
[EventRounds "5"]
[EventCountry "ITA"]
[SourceTitle "EXT 2013"]
[Source "ChessBase"]
[SourceDate "2012.11.22"]
[SourceVersion "1"]
[SourceVersionDate "2012.11.22"]
[SourceQuality "1"]

1. e4 c5 2. g3 d5 3. exd5 Qxd5 4. Qf3 Nf6 5. Nc3 Qxf3 6. Nxf3 Nc6 7. Nb5 Rb8 8. Bg2 a6 9. Na3 b5 10. d3 e5 11. 0-0 Bd6 12. Bg5 Nd7 13. Nd2 Bb7 14. c3 f6 15. Be3 f5 16. Rae1 0-0 17. f4 Rbd8 18. Nc2 Ba8 19. Nf3 Rfe8 20. Ng5 Nf6 21. fxe5 Nxe5 22. d4 Bxg2 23. Kxg2 Nd3 24. Rb1 Ng4 25. dxc5 Rxe3 26. Rxf5 Bxc5 27. b4 Re2+ 28. Kf3 Rxc2 29. Kxg4 Be7 30. Ne4 g6 31. Rff1 Rxh2 0-1